LEADER 01761nam a2200385 i 4500 001 000000177799 003 CaOOAMICUS 005 20250530105607.0 007 tu 008 250530s2025 it d 000 u ita r 020 $a979-1-256-39118-9* 040 $aPUL$bita$erda 082 0 $a262.9 100 1 $aMunno, Michele,$csacerdote,$d1980-,$eautore.$0(OLS)http://pul/name/93082 245 13$aLa funzione di santificare della Chiesa e i sacramenti dell'iniziazione cristiana :$b commento ai canoni 834-958 del Codice di diritto canonico /$cMichele Munno. 264 4$c©2025. 264 1$aCamerata Picena (AN) :$bShalom Editrice,$c[2025] 300 $a195 pagine : $cgrafici ;$a21 cm 336 $atesto$btxt$2rdacontent 337 $asenza mediazione$bn$2rdamedia 338 $avolume$bnc$2rdacarrier 490 1 $aCharitas 504 $aBibliografia : p. 311- 339. 630 04$aCodex iuris canonici$xCommenti.$0(OLS)http://pul/subject/10175 650 4$aEcclesiologia.$0(OLS)http://pul/subject/22628 830 0$aCharitas.$0(OLS)http://pul/title/219344 850 $aPUL 852 $aPUL$W1$xSL Diritto Canonico 3$y77$m262. 9 MUNMI 1$j201721$qDDC 21$B206772$CPULBib$Z2$F206772 $H137891 $82 941 1 $a9 996 $6020$a979-1-256-39118-9*$9(OLS)http://pul/number/170390 996 $6082$a262.9$9(OLS)http://pul/classification/369 996 $6245$aLa funzione di santificare della Chiesa e i sacramenti dell'iniziazione cristiana :$b commento ai canoni 834-958 del Codice di diritto canonico$9(OLS)http://pul/title/219343 996 $6264$aCamerata Picena (AN) :$bShalom Editrice$9(OLS)http://pul/publisher/87660 996 $6264$a[S.l.] :$b[s.n.]$9(OLS)http://pul/publisher/0 LEADER 01746nam a2200373 u 4500 001 000000046116 003 CaOOAMICUS 005 20070226114734.0 008 990624s1994 vc u000 u ita u 020 $a8820918803 035 $a10827903 040 $aPUL(R)$bita$dBAV$dBAV 041 0 $aita$hfre 100 1 $aOrtiz de Urbina, Ignacio de,$cS.I.,$d1902-$0(OLS)http://pul/name/10866 240 10$aHistorie des conciles oecumèniques.$lItaliano.$0(OLS)http://pul/title/62154 245 10$aStoria dei concili ecumenici.$n1,$pNicea e Costantinopoli /$cIgnazio Ortiz De Urbina ; [traduzione di Francesco Masiello, a cura dell'abate Bonifacio Baroffio OSB]. 246 30$aNicea e Costantinopoli 260 $aCittà del Vaticano :$bLibreria editrice vaticana,$c[1994] 300 $a302 p. ;$c22 cm 500 $aInclude indici. 500 $aTit. originale: Historie des conciles oecumèniques. 504 $aBibliografia in note. 611 24$aConcilium Nicaenum$n(1 :$d325).$0(OLS)http://pul/subject/1609 611 24$aConcilium Constantinopolitanum$n(1 :$d381).$0(OLS)http://pul/subject/8663 700 1 $aBaroffio, Giacomo,$d1940-$0(OLS)http://pul/name/827 700 1 $aMasiello, Francesco.$0(OLS)http://pul/name/33581 850 $aPUL 852 $aPUL$W1$xSL Religione 1$y3$m27 D 33$j61881$nBK-PRI$b $qStampati$B61881$CPULBib$Z2$F61881 $81 941 1 $a8 961 $aINV: 72106 996 $6020$a8820918803$9(OLS)http://pul/number/57535 996 $6245$aStoria dei concili ecumenici.$n1,$pNicea e Costantinopoli$9(OLS)http://pul/title/62155 996 $6246$aNicea e Costantinopoli$9(OLS)http://pul/title/62156 996 $6260$aCittà del Vaticano :$bLibreria editrice vaticana$9(OLS)http://pul/publisher/47920